000 02252cam a2200325 4500500
005 20251228075717.0
041 _afre
042 _adc
100 1 0 _aDuruz, Nicolas
_eauthor
245 0 0 _aDu coup de foudre à la crise conjugale
260 _c2005.
500 _a99
520 _aAprès le temps fort du coup de foudre, place à la crise. Est-ce le même couple? Les reproches que s’adressent mutuellement les conjoints leur permettent de rester ensemble dans l’attente nostalgique du bonheur escompté lors du coup de foudre. A la faveur de la crise, la relation du couple peut évoluer lorsque chaque conjoint, en se changeant lui-même, parvient à aider l’autre à changer. Une nouvelle définition de la relation est ainsi produite.
520 _aFrom love at first sight to marital crisis. Some working hypotheses.From the lofts of falling in love at first sight to the depths of marital crisis, can this be the same couple? Mutual blaming leads to sustaining the relationship in hopes of rekindling the love affair. The marital crisis contributes to improving the relationship as each partner changes and in so doing helps the other to evolve therefore affording a new definition to the relationship.
520 _aDel flechazo a la crisis conyugal. Hipótesis de trabajo.¿Tras el flechazo, la crisis? ¿Se trata de la misma pareja? Los reproches mutuos permiten a los cónyuges mantener viva su unión en la espera nostálgica de la felicidad que el flechazo les descubrió. Gracias a la crisis, la relación de pareja podrá evolucionar en la medida en que cada cónyuge, cambiándose a si mismo, ayude, a su vez, al otro a cambiar. Así es cómo se creará una nueva definición de la relación.
690 _aAutonomie
690 _aChoix conjugal
690 _aCrise
690 _aDésir
690 _aDouble-contrainte réciproque
690 _aThérapie
690 _aAutonomy
690 _aCrisis
690 _aDesire
690 _aMarital choice
690 _aMutual double bind
690 _aTherapy
786 0 _nThérapie Familiale | 26 | 3 | 2005-09-01 | p. 299-313 | 0250-4952
856 4 1 _uhttps://shs.cairn.info/revue-therapie-familiale-2005-3-page-299?lang=fr&redirect-ssocas=7080
999 _c1598145
_d1598145